000 00519nam a2200181Ia 4500
005 20250326125641.0
008 250326s9999 xx 000 0 und d
037 _aTextbook
040 _aFMSL
_beng
_cFMSL
041 _aeng
_2eng
084 _aX:8obT K4
_qFMSL
100 _aMcfarland D E
_9248066
245 0 _aTeacher's manual for management: principles and practices
_cMcfarland D E
260 _aNY
_bNY, Macmillan
_c1964
300 _a145p
942 _cTB
_hX:8obT K4
999 _c1278951
_d1278951